El gran mensaje: conversaciones con Martin Gayford
Сохранить в:
| Главный автор: | |
|---|---|
| Формат: | |
| Язык: | испанский |
| Опубликовано: |
Madrid
La Fábrica
2011
|
| Серии: | Biblioteca BlowUp Libros Unicos
|
| Предметы: | |
| Метки: |
Добавить метку
Нет меток, Требуется 1-ая метка записи!
|
MARC
| LEADER | 00000cam a2200000 a 4500 | ||
|---|---|---|---|
| 001 | UCF4216 | ||
| 003 | CL-VaPUC | ||
| 008 | 121122e20110000SP |||||||||||||||||spa|d | ||
| 020 | |a 9788415303510 | ||
| 082 | 0 | 4 | |a 751.4 |b HOC |2 21 |
| 100 | |a Hockney, David |e author |9 598837 | ||
| 245 | 1 | 3 | |a El gran mensaje: conversaciones con Martin Gayford |
| 300 | |a 248 p | ||
| 942 | |c BK | ||
| 945 | |d 20121122 00:00:00 |a dcastane | ||
| 260 | |a Madrid |b La Fábrica |c 2011 | ||
| 650 | 0 | |a Pintura |9 265046 | |
| 650 | 0 | |a Arte contemporáneo |9 338008 | |
| 650 | 7 | |a ESTILO ARTISTICO |2 CL-VaPUC |9 545426 | |
| 650 | 0 | |a Creación artística |9 266215 | |
| 650 | 0 | |a Naturalismo |9 346334 | |
| 650 | 0 | |a Biografías |9 255210 | |
| 650 | 0 | |a Entrevistas |9 265537 | |
| 583 | |a last modification |c 20131217 07:22:29 |k Rodrigo Vera | ||
| 490 | 0 | |a Biblioteca BlowUp Libros Unicos | |
| 999 | |c 350112 |d 350110 | ||
| 952 | |0 0 |1 0 |4 0 |6 751_400000000000000_HOC_2011 |7 0 |8 R |9 453231 |a BIBART |b BIBART |d 2019-11-22 |i 4926552 |o 751.4 HOC 2011 |p 4926552 |r 2025-03-13 |w 2019-11-22 |y BK_R |k ART | ||
| 952 | |0 0 |1 0 |3 erd |4 0 |6 751_400000000000000_HOC_2011 |7 0 |8 A |9 453232 |a BIBHIS |b BIBHIS |i 5033586 |o 751.4 HOC 2011 |p 5033586 |r 2025-01-20 |w 2019-11-22 |y BK |z Catalogado en:20131213 |k HIS | ||